Matrices with the Edmonds-Johnson prosperty

Saved in:
Bibliographic Details
Main Author: Gerards, Albertus M.H
Other Authors: Schrijver, A.
Format: Book
Language:English
Published: Bonn Institut für Ökonometrie und Operations Research 1985
Series:Report No. 85363-OR
Tags: Add Tag
No Tags, Be the first to tag this record!

MARC

LEADER 00000nam a2200000 4500
001 c109208
005 20181203150305.8
041 0 |a eng 
044 |a DE 
245 1 0 |a Matrices with the Edmonds-Johnson prosperty  |c Albertus M.H. Gerards, A. Schrijver 
264 1 |a Bonn  |b Institut für Ökonometrie und Operations Research  |c 1985 
300 |a 19 s. 
490 1 |a Report  |v No. 85363-OR 
830 0 |a Report  |v No. 85363-OR 
100 1 |a Gerards, Albertus M.H. 
700 1 |a Schrijver, A.